Isole mediterranee con più di 200k abitanti - Statistics

Statistiche generali
  • Questo quiz è stato fatto 69 volte
  • Il punteggio medio è 6 su 7
Statistiche sulle risposte
Abitanti Risposta % Corretto
1.656.000 Sardegna
98%
5.010.001 Sicilia
98%
1.244.188 Cipro
95%
322.000 Corsica
89%
494.000 Malta
89%
622.871 Creta
85%
920.605 Maiorca
67%
Nessun quiz corrispondente trovato
Distribuzione punteggi
Percentuale di utenti per punteggio
Percentile per numero di risposta
I tuoi punteggi nel tempo
Non hai fatto questo quiz